浙江人口最多的20个县级行政区 20 most populous county-level regions in Zhejiang - Statistics

General Stats
  • This quiz has been taken 126 times
  • The average score is 17 of 20
Answer Stats
人口 地市 县区 % Correct
186 金华市 义乌市
98%
183 宁波市 慈溪市
98%
201 杭州市 萧山区
95%
123 杭州市 余杭区
93%
132 杭州市 上城区
91%
111 杭州市 西湖区
91%
142 台州市 温岭市
89%
108 嘉兴市 海宁市
89%
125 宁波市 余姚市
87%
109 金华市 东阳市
87%
145 温州市 乐清市
84%
161 宁波市 鄞州区
83%
122 绍兴市 诸暨市
83%
112 杭州市 拱墅区
80%
152 温州市 瑞安市
79%
110 绍兴市 柯桥区
78%
117 温州市 鹿城区
77%
111 台州市 临海市
77%
118 杭州市 临平区
73%
104 宁波市 海曙区
71%
No matching quizzes found
Score Distribution
Percent of People with Each Score
Percentile by Number Answered
Your Score History
You have not taken this quiz